Vybrané aspekty inštitucionálneho zabezpečenia cestovného ruchu s akcentom na nové druhy a formy

Saved in:
Bibliographic Details
Main Author: Sniščák, Vincent
Format: Book Chapter
Language:Slovak
Tags: Add Tag
No Tags, Be the first to tag this record!

MARC

LEADER 00000naa$a2200000$$$4500
001 0064466
005 20240502071745.1
041 0 |a slo 
044 |a SK 
245 1 0 |a Vybrané aspekty inštitucionálneho zabezpečenia cestovného ruchu s akcentom na nové druhy a formy  |c Vincent Sniščák 
100 1 |a Sniščák, Vincent